000 00334nam a22001337a 4500
020 _qHB.
040 _cFIZZA ISHAQ
082 _a622.381
_bMAR
100 _aRAMSEY,MARK.
_930470
245 _aPRACTICAL WELL BORE HYDRAULICS AND HOLE CLEANING /
_cMARK RAMSEY.
260 _aELSEVIER ;
_c2019.
300 _a310 P. ;
942 _2ddc
_cBK
999 _c588921
_d588921